Manual de redacción: nuevas normas ortográficas, recursos literarios, estilos, comentarios de texto

Guardat en:
Dades bibliogràfiques
Autor principal: Rodríguez Jiménez, Víctor (Autor)
Format: Llibre
Idioma:espanyol
Publicat: Madrid Thomson 2001
Madrid Paraninfo 2001
Matèries:
Etiquetes: Afegir etiqueta
Sense etiquetes, Sigues el primer a etiquetar aquest registre!

MARC

LEADER 00000nam a2200000 a 4500
001 UCL8544
003 CL-VaPUC
008 040625e20010000sp |||||||||||||||||spa|d
020 |a 8428328307 
082 0 4 |a 808.0461  |b ROD  |2 21 
100 0 |a Rodríguez Jiménez, Víctor  |e author  |9 486434 
245 1 0 |a Manual de redacción: nuevas normas ortográficas, recursos literarios, estilos, comentarios de texto 
300 |a 235 p 
942 |c BK 
945 |d 20040625 00:00:00  |a cmena 
260 |a Madrid  |b Thomson  |c 2001 
260 |a Madrid  |b Paraninfo  |c 2001 
650 0 |a Redacción de textos  |9 446760 
650 0 |a Retórica   |9 266620 
650 0 |a Idioma español  |9 309143 
650 0 |a Estilos literarios  |9 310538 
650 0 |a Ortografía  |9 309144 
583 |a last modification  |c 20171218 05:57:19  |k Rodrigo Vera 
999 |c 309778  |d 309776 
952 |0 0  |1 0  |4 0  |6 808_046100000000000_ROD_2001_2001  |7 0  |8 A  |9 377526  |a BIBTEO  |b BIBTEO  |d 2019-11-21  |i 4030230  |o 808.0461 ROD 2001 2001  |p 4030230  |r 2025-01-17  |w 2019-11-21  |y BK  |k ICR